| 000 | 01201nam a22001937a 4500 | ||
|---|---|---|---|
| 003 | JO-AjAnu | ||
| 005 | 20231211113402.0 | ||
| 008 | 231211b jo ||||| |||| 00| 0 ara d | ||
| 040 |
_bara _cJO-AjAnu _dANU |
||
| 100 |
_aالصمادي، ضحى مخلص علي _964933 _eمعد |
||
| 245 |
_aمستوى عسر القراءة (الديسلكسيا) لدى الطلبة ذوي صعوبات التعلم في المدارس الدامجة وعلاقته بتقدير الذات = The level of Dyslexia Among Students with Learning Disabilities in Inclusive Schools and its Relationship to Self-esteem / _cاعداد ضحى مخلص علي الصمادي ؛ اشراف محمد احمد العمري، ربيع حامد الزغول |
||
| 260 |
_aعجلون : _bجامعة عجلون الوطنية، _c2023 |
||
| 300 | _a134 ورقه | ||
| 500 | _aرساله جامعية (ماجستير) - جامعة عجلون الوطنية، 2023 تحتوي على جداول توضيحية | ||
| 650 | _vعسر القراءة-صعوبات تعلم | ||
| 700 |
_aالعمري، محمد أحمد _951125 _eمشرف |
||
| 700 |
_aربيع حامد الزغول _964934 _eمشرف مشارك |
||
| 942 |
_2lcc _cTHS _n0 |
||
| 999 |
_c33278 _d33278 |
||